00845nam a2200205 a 450000100100000000500170001000800410002704000250006810000540009324501190014726000680026630000210033449000330035550000240038870000260041270000380043883000400047695201060051699900170062200003710820200930080139.0120214s19uu dr 000 0 spa d aDO-SdBNPbspacBNPHU1 aHegel, Georg Wilhelm Friedrich,d1770-183196058410aFilosofía del espiritu /cHegel Georg Wilhelm Friedrich ; notas y prólogo de E. Barriobero y Eduardo Herrán. aBuenos Aires, Argentina :bBiblioteca Pluma de oro |,c[19--?]. a605 p. ;c23 cm.1 aColección de Grandes obras aVisión castellana1 aBarriobero, E.9635171 aHerrán, Eduardoepról.963518 0aColección de Grandes obras963519 00107-18PDaGRbGRcOId2012-02-14iLF1l0o p37108-10r2020-06-25w2020-06-25yLFPDZNo se presta c36598d36598